000 00705nam a2200217Ia 4500
001 2487
003 GE_BSU
008 181216s||||||||xx |||||||||||||| ||und||
020 _a9789941126437
040 _cGE_BSU
080 _a368(075.8)
100 _aცინცაძე,ა; სბანიძე,ნ;
245 _aაქტუარული ანგარიში დაზღვევაში.
245 _c[რედ. გამსახურდია გ.]
260 _bუნივერსალი
260 _c2009
300 _a239 გვ.
541 _h8 ლ.
653 _aაქტუარული ანგაროძი დაზღვევაში.
942 _cBK
999 _c36568
_d36568